| 000 | 00497nam a22001697a 4500 | ||
|---|---|---|---|
| 999 |
_c40888 _d40888 |
||
| 003 | OSt | ||
| 005 | 20200723145428.0 | ||
| 008 | 200723b ||||| |||| 00| 0 eng d | ||
| 040 | _coclc | ||
| 082 |
_a920 _bKUT/M |
||
| 100 | _aKuttassery, P Mohammed | ||
| 245 |
_aMoulana Abussabah Ahmad Ali / _cP Mohammed Kuttassery |
||
| 250 | _a2nd Ed. | ||
| 260 |
_aMalappuram: _bGrace Educational Associations: _c2014. |
||
| 300 | _a102p | ||
| 942 |
_cBK _2ddc _h920 _iKUT/M _k920 _mKUT/M |
||